Normal view
MARC view
Entry Personal Name
001 - CONTROL NUMBER
- control field: 14530
003 - CONTROL NUMBER IDENTIFIER
- control field: OSt
005 - DATE AND TIME OF LATEST TRANSACTION
- control field: 20210831113033.0
008 - FIXED-LENGTH DATA ELEMENTS
- fixed length control field: 210831|| aca||aabn | a|a d
040 ## - CATALOGING SOURCE
- Original cataloging agency: OSt
- Transcribing agency: OSt
100 ## - HEADING--PERSONAL NAME
- Personal name: Reinert.J,Bajaj.Y.P.S;
670 ## - SOURCE DATA FOUND
- Source citation: Work cat.: (OSt): Reinert.J,Bajaj.Y.P.S;, Applied and Fundamental Aspects of Plant Cell,Tissue,and Organ Culture, 1997
